Luxembourg : Staff Report for the 2002 Article IV Consultation.

The 2002 Article IV Consultation highlights that the financial sector of Luxembourg has continued to expand, with asset and liquidity management taking over from private banking as the main source of strong growth of the sector. Nonetheless, activity weakened in 2001. Structural reforms are proceedi...

Mô tả đầy đủ

Chi tiết về thư mục
Tác giả của công ty: International Monetary Fund
Định dạng: Tạp chí
Ngôn ngữ:English
Được phát hành: Washington, D.C. : International Monetary Fund, 2002.
Loạt:IMF Staff Country Reports; Country Report ; No. 2002/118
Truy cập trực tuyến:Full text available on IMF
LEADER 01665cas a2200241 a 4500
001 AALejournalIMF002016
008 230101c9999 xx r poo 0 0eng d
020 |c 5.00 USD 
020 |z 9781451824339 
022 |a 1934-7685 
040 |a BD-DhAAL  |c BD-DhAAL 
110 2 |a International Monetary Fund. 
245 1 0 |a Luxembourg :   |b Staff Report for the 2002 Article IV Consultation. 
264 1 |a Washington, D.C. :  |b International Monetary Fund,  |c 2002. 
300 |a 1 online resource (35 pages) 
490 1 |a IMF Staff Country Reports 
500 |a <strong>Off-Campus Access:</strong> No User ID or Password Required 
500 |a <strong>On-Campus Access:</strong> No User ID or Password Required 
506 |a Electronic access restricted to authorized BRAC University faculty, staff and students 
520 3 |a The 2002 Article IV Consultation highlights that the financial sector of Luxembourg has continued to expand, with asset and liquidity management taking over from private banking as the main source of strong growth of the sector. Nonetheless, activity weakened in 2001. Structural reforms are proceeding. Progress has been made in removing legal obstacles to part time employment, introducing more flexible working time arrangements and work-week averaging, and expanding child care facilities. The authorities have adopted the legal and regulatory framework needed for the launch of an electronic commerce sector. 
538 |a Mode of access: Internet 
830 0 |a IMF Staff Country Reports; Country Report ;  |v No. 2002/118 
856 4 0 |z Full text available on IMF  |u http://elibrary.imf.org/view/journals/002/2002/118/002.2002.issue-118-en.xml  |z IMF e-Library